| 000 | 00402 a2200157 4500 | ||
|---|---|---|---|
| 003 | Nust | ||
| 005 | 20170207154603.0 | ||
| 040 | _cNust | ||
| 082 | _a005.1 | ||
| 100 | _aRashid, Rabiya MSCS-17 | ||
| 245 |
_aAutomatic Urdu Text Segmentation with an Application to Summarization _cNC Rabiya Rashid |
||
| 260 |
_aMCS _cJuly 2013 |
||
| 300 | _ax,65 p | ||
| 538 | _aAlmirah No 72 Shelf No 5 | ||
| 650 | _aMSCS Thesis | ||
| 942 | _cTHS | ||
| 999 |
_c198682 _d198682 |
||